000 00550nam a22001937a 4500
003 KOHA_MİRAKIL
005 20250409172817.0
008 250409b tu ||||| |||| 00| 0 tur d
020 _a9786057115003
040 _aTR-AnABB
_btur
_cTR-AnABB
041 _atur
082 _a813.42
_bSAF 2022
100 1 _aŞafak, Ahmet,
245 1 0 _aÇanakkale cephesinde aşk ve suikast /
_c2022
260 _aİstanbul :
_bKüsena Yayınları,
_c2022
300 _a320 sayfa ;
_c20 cm
650 0 0 _aTarih, Çanakkale Savaşları
942 _2ddc
_cBK
999 _c8622
_d8622
900 _bGizem YORULMAZ